00433nam a2200157Ia 4500001000500000005001700005008004100022041000800063082001500071100003900086245009700125260000900222300002800231650000800259654000800267372220260306145704.0260306t2017||||xx |||||||||||||| ||spa|| aESP a302.2bG71 aGonzález Andrés, GermáneAUT 0aEl narrador de emociones:blo importante no es lo que uno dice, sino lo que el otro entiende c2017 a159 páginas :c21 cm. aGEN aCED